• 首页
  • 本馆介绍
  • 公告通知
  • 最新文献
  • 馆藏检索
  • 电子资源
  • 读者导购
  • 参考咨询
  • 我的图书馆
  • 登录
  • 详细信息显示
  • 放入我的书架
  • 预约/预借图书
  • 作者相关作品
  • 分类相关作品
  • 丛书相关作品
  • 出版社相关作品

书目信息

  • 表格格式
  • 工作单格式
  • 卡片格式
题名:
跟韩国小学生一起学韩语
    
 
作者: ;杠杆韩国语编辑部 著
分册:  
出版信息: 北京   中国纺织出版社  2015
页数: 205页
开本: 21cm
丛书名: 毕昂韩语
单 册:
中图分类: H55
科图分类:
主题词: 朝鲜语--自学参考资料
电子资源:
ISBN: 978-7-5180-1724-9
000 00921oam2 2200277 450
001 012001001490
005 20140921103355.0
010    @a978-7-5180-1724-9@dCNY29.80
100    @a20151101d2015 em y0chiy50 ea
101 0  @achi@akor
102    @aCN@b110000
105    @aa z 000yy
106    @ar
200 1  @a跟韩国小学生一起学韩语@9gen han guo xiao xue sheng yi qi xue han yu@f杠杆韩国语编辑部著
210    @a北京@c中国纺织出版社@d2015
215    @a205页@c图@d21cm
225 2  @a毕昂韩语@v162
305    @a中文简体版经时报文化出版企业股份有限公司授权
330    @a本书共三十课内容,取材自韩国小学生的写作课本,涵盖饮食、休闲、人物、节庆、文化、生活、名胜、教育等。
461  0 @12001 @a毕昂韩语
606 0  @a朝鲜语@j自学参考资料
610 0  @a韩语
690    @aH55@v5
711 02 @a杠杆韩国语编辑部@9gang gan han guo yu bian ji bu@4著
801  0 @aCN@b上海新华@c20180901
905    @b1043811-5@dH55@e35@f5
    
    跟韩国小学生一起学韩语/杠杆韩国语编辑部著.-北京:中国纺织出版社,2015
    205页:图;21cm.-(毕昂韩语;162)
    
    
    ISBN 978-7-5180-1724-9:CNY29.80
    本书共三十课内容,取材自韩国小学生的写作课本,涵盖饮食、休闲、人物、节庆、文化、生活、名胜、教育等。
●
相关链接 在E读中查询图书 在五车中查询图书 在当当中查询图书 在豆瓣中查询图书


正题名:跟韩国小学生一起学韩语     索取号:H55/35         预约/预借

序号 登录号 条形码 馆藏地/架位号 状态 备注
1 1043811   210438114   第二样本阅览室/ [索取号:H55/35] 在馆    
2 1043812   210438123   第四借阅区/ [索取号:H55/35] 在馆    
3 1043813   210438132   第四借阅区/ [索取号:H55/35] 在馆    
4 1043814   210438141   第四借阅区/ [索取号:H55/35] 在馆    
5 1043815   210438150   密集书库—外国语学院/ [索取号:H55/35] 在馆    
唐山师范学院图书馆 欢迎您!
大连网信软件有限公司© 版权所有